مكتبة جامعة عجلون الوطنية

فهرس بحث المكتبة

الجريمة : دراسة مقارنة بين الشريعتين اليهودية و الإسلامية (Record no. 26778)

MARC details
000 -LEADER
fixed length control field 00880nam a2200217Ii 4500
003 - CONTROL NUMBER IDENTIFIER
control field JO-AjNU
008 - FIXED-LENGTH DATA ELEMENTS--GENERAL INFORMATION
fixed length control field 230605s9999||||xx |||||||||||||| ||und||
020 ## - INTERNATIONAL STANDARD BOOK NUMBER
International Standard Book Number 1-56564-307-0
040 ## - CATALOGING SOURCE
Original cataloging agency JO-AjNU
Language of cataloging ara
Description conventions rda
Transcribing agency JO-AjNU
041 ## - LANGUAGE CODE
Language code of text/sound track or separate title ara
050 14 - LIBRARY OF CONGRESS CALL NUMBER
Classification number BP3946.H37 2007
100 3# - MAIN ENTRY--PERSONAL NAME
Personal name هاشم، خالد مصطفى,
Relator term author
9 (RLIN) 52401
245 00 - TITLE STATEMENT
Title الجريمة : دراسة مقارنة بين الشريعتين اليهودية و الإسلامية
250 ## - EDITION STATEMENT
Edition statement ط1
264 31 - PRODUCTION, PUBLICATION, DISTRIBUTION, MANUFACTURE, AND COPYRIGHT NOTICE
Place of production, publication, distribution, manufacture فيرجينيا: المعهد العالمي للفكر الاسلامي، 2007
300 ## - PHYSICAL DESCRIPTION
Extent 565ص
Other physical details المصادر والمراجع ص553-565
336 ## - CONTENT TYPE
Content type term text
Content type code txt
Source rdacontent
337 ## - MEDIA TYPE
Media type term unmediated
Media type code n
Source rdamedia
338 ## - CARRIER TYPE
Carrier type term volume
Carrier type code nc
Source rdacarrier
650 #4 - SUBJECT ADDED ENTRY--TOPICAL TERM
Topical term or geographic name entry element الجريمة والمجرمون- القانون الجنائي- الفقه الاسلامي- اليهودية
9 (RLIN) 52402
Holdings
Withdrawn status Lost status Source of classification or shelving scheme Damaged status Not for loan Home library Current library Shelving location Date acquired Total Checkouts Full call number Barcode Date last seen Price effective from Koha item type
    Library of Congress Classification     مكتبة جامعة عجلون الوطنية مكتبة جامعة عجلون الوطنية المجموعات العامة 06/06/2023   BP3946.H37 2007 A23210 06/06/2023 06/06/2023 Books